[Event "Hannover Bezirks-ch A"]
[Site "Lehrte"]
[Date "2019.10.03"]
[Round "1.7"]
[White "Reimer, Philip"]
[Black "Gehrke, Mathias"]
[Result "0-1"]
[WhiteElo "1952"]
[BlackElo "1727"]
[PlyCount "124"]
[EventDate "2019.10.03"]
[EventType "swiss"]
[EventRounds "7"]
[EventCountry "GER"]
[SourceTitle "EXT 2023"]
[Source "ChessBase"]
[SourceDate "2022.10.05"]
[SourceVersion "1"]
[SourceVersionDate "2022.10.05"]
[SourceQuality "1"]

1. e4 d6 2. d4 Nf6 3. Nc3 g6 4. f4 Bg7 5. Nf3 c5 6. e5 Nfd7 7. Ng5 h6 8. Nxf7 Kxf7 9. e6+ Kg8 10. exd7 Nxd7 11. Bc4+ Kh7 12. dxc5 Qa5 13. Bd3 Nxc5 14. 0-0 Nxd3 15. Qxd3 Bf5 16. Qf3 Bd4+ 17. Kh1 Bxc3 18. bxc3 d5 19. Qe3 e6 20. Qe5 Rac8 21. Be3 Qc7 22. Qxc7+ Rxc7 23. Bxa7 Ra8 24. Bd4 Bxc2 25. Rf2 Be4 26. a4 b5 27. a5 Ra6 28. h3 Kg8 29. Kh2 Rc8 30. g4 Kf7 31. Kg3 Rca8 32. Rfa2 Bd3 33. h4 Bc4 34. Ra3 Bd3 35. Kf3 h5 36. Ke3 Be4 37. g5 Ke7 38. R3a2 Kd7 39. Bb6 Rc8 40. Rc1 Rc4 41. Rb2 Kc6 42. Rb4 Ra8 43. Rxc4+ bxc4 44. Ra1 Kb5 45. Ra2 Rf8 46. Bd4 Ka6 47. Bb6 Rf7 48. Rb2 Rb7 49. Kd4 Rf7 50. Rf2 Bf5 51. Ke5 Rd7 52. Kf6 d4 53. cxd4 c3 54. Rf1 Rd5 55. Rf3 c2 56. Rc3 Rb5 57. Bc5 Rb1 58. Ba3 Kxa5 59. Ke5 Ka4 60. d5 exd5 61. Kd4 Rd1+ 62. Ke3 d4+ 0-1

[Event "Niedersachsen-ch op B"]
[Site "Verden"]
[Date "2019.01.06"]
[Round "7"]
[White "Gehrke, Mathias"]
[Black "Aden, Tammo"]
[Result "1/2-1/2"]
[WhiteElo "1810"]
[BlackElo "1722"]
[PlyCount "76"]
[EventDate "2019.01.03"]
[EventType "swiss"]
[EventRounds "7"]
[EventCountry "GER"]
[SourceTitle "EXT 2022"]
[Source "ChessBase"]
[SourceDate "2021.10.06"]
[SourceVersion "1"]
[SourceVersionDate "2021.10.06"]
[SourceQuality "1"]

1. d4 d5 2. c4 e6 3. g3 Nf6 4. Bg2 Be7 5. Nf3 0-0 6. 0-0 c6 7. Qc2 Nbd7 8. Nbd2 Qc7 9. Re1 b6 10. cxd5 Nxd5 11. e4 N5f6 12. a3 Bb7 13. e5 Nd5 14. Bh3 c5 15. Ne4 cxd4 16. Qd3 Nxe5 17. Nxe5 Qxe5 18. Bd2 Qh5 19. Bg2 Rfd8 20. Bf3 Qf5 21. g4 Qg6 22. Qxd4 Nf6 23. Nxf6+ Bxf6 24. Qe3 Bxf3 25. Qxf3 Qd3 26. Be3 Qd5 27. Qe2 Qb3 28. g5 Bd4 29. Rac1 Bxe3 30. fxe3 Rd5 31. h4 Rad8 32. Rc7 Qa4 33. e4 Qd4+ 34. Kh1 R5d7 35. Rxd7 Rxd7 36. Rf1 Qd2 37. Qf3 Qd3 38. Qf4 Qd6 1/2-1/2

[Event "Hannover Bezirk-ch B"]
[Site "Hannover"]
[Date "2018.10.06"]
[Round "5.7"]
[White "Gehrke, Mathias"]
[Black "Minde, Frank"]
[Result "1-0"]
[WhiteElo "1765"]
[BlackElo "1782"]
[PlyCount "81"]
[EventDate "2018.10.04"]
[EventType "swiss"]
[EventRounds "7"]
[EventCountry "GER"]
[SourceTitle "EXT 2022"]
[Source "ChessBase"]
[SourceDate "2021.10.06"]
[SourceVersion "1"]
[SourceVersionDate "2021.10.06"]
[SourceQuality "1"]

1. d4 Nf6 2. c4 c5 3. d5 d6 4. Nc3 g6 5. Bg5 Bg7 6. Qd2 h6 7. Bf4 Nbd7 8. h4 Nh5 9. Bh2 Ne5 10. e3 0-0 11. f3 e6 12. Bxe5 Bxe5 13. g4 Ng3 14. Rh3 Nxf1 15. Kxf1 exd5 16. Nxd5 Be6 17. f4 Bg7 18. Qg2 Kh8 19. Nf3 h5 20. Rg3 Bxg4 21. Rxg4 hxg4 22. Qxg4 Qc8 23. Qg2 Qf5 24. Rd1 Rae8 25. Ng5 Qd7 26. Qf3 f6 27. Ne4 b5 28. h5 g5 29. h6 Bxh6 30. Nexf6 Qf7 31. Qh3 Kg7 32. fxg5 Qg6 33. gxh6+ Qxh6 34. Qxh6+ Kxh6 35. Ke2 Rb8 36. Nd7 bxc4 37. Nxf8 Rxf8 38. Nf4 Rb8 39. Rxd6+ Kg5 40. Rd2 a5 41. Ne6+ 1-0

[Event "Hannover Bezirk-ch B"]
[Site "Hannover"]
[Date "2018.10.04"]
[Round "2.1"]
[White "Gehrke, Mathias"]
[Black "Roehrkasten, Reinhard"]
[Result "1/2-1/2"]
[WhiteElo "1765"]
[BlackElo "1927"]
[PlyCount "57"]
[EventDate "2018.10.04"]
[EventType "swiss"]
[EventRounds "7"]
[EventCountry "GER"]
[SourceTitle "EXT 2022"]
[Source "ChessBase"]
[SourceDate "2021.10.06"]
[SourceVersion "1"]
[SourceVersionDate "2021.10.06"]
[SourceQuality "1"]

1. d4 Nf6 2. c4 g6 3. Nc3 Bg7 4. e4 0-0 5. e5 Ne8 6. f4 d6 7. Bd3 dxe5 8. dxe5 Bf5 9. Bxf5 Qxd1+ 10. Kxd1 gxf5 11. Nf3 Nc6 12. Be3 b6 13. Ke2 e6 14. Rad1 f6 15. Rd7 fxe5 16. Ng5 Rf6 17. Nb5 exf4 18. Nxc7 Nxc7 19. Rxc7 e5 20. Bd2 Rg6 21. h4 Nd4+ 22. Kf2 Ne6 23. Nxe6 Rxe6 24. g3 fxg3+ 25. Kxg3 Rd8 26. Bc3 a5 27. h5 Rd3+ 28. Kf2 Bf6 29. Rg1+ 1/2-1/2

[Event "Niedersachsen-ch op B"]
[Site "Verden"]
[Date "2018.01.06"]
[Round "6"]
[White "Gehrke, Mathias"]
[Black "Frese, Immo"]
[Result "1/2-1/2"]
[WhiteElo "1731"]
[BlackElo "1654"]
[PlyCount "58"]
[EventDate "2018.01.04"]
[EventType "swiss"]
[EventRounds "7"]
[EventCountry "GER"]
[SourceTitle "EXT 2022"]
[Source "ChessBase"]
[SourceDate "2021.10.06"]
[SourceVersion "1"]
[SourceVersionDate "2021.10.06"]
[SourceQuality "1"]

1. d4 d5 2. c4 e6 3. Nc3 Nf6 4. Bg5 Be7 5. e3 0-0 6. cxd5 exd5 7. Bd3 Nbd7 8. Qc2 h6 9. Bh4 Re8 10. Nf3 c6 11. 0-0 Ne4 12. Bxe7 Qxe7 13. Nd2 Ndf6 14. Rae1 Bf5 15. f3 Nxd2 16. Qxd2 Bxd3 17. Qxd3 Rad8 18. e4 dxe4 19. fxe4 Qd7 20. Rd1 Qc7 21. Rf3 Ng4 22. Rg3 Ne5 23. Qe3 Nc4 24. Qe2 Nd6 25. Qg4 g6 26. h4 Nxe4 27. Nxe4 Rxe4 28. Qxe4 Qxg3 29. Qe7 Qd6 1/2-1/2

[Event "Hannover Bezirks op"]
[Site "Hannover"]
[Date "2017.02.18"]
[Round "3.4"]
[White "Gehrke, Mathias"]
[Black "Herrmann, Andreas"]
[Result "0-1"]
[WhiteElo "1786"]
[BlackElo "2144"]
[PlyCount "74"]
[EventDate "2017.01.21"]
[EventType "swiss"]
[EventRounds "7"]
[EventCountry "GER"]
[SourceTitle "EXT 2022"]
[Source "ChessBase"]
[SourceDate "2021.10.06"]
[SourceVersion "1"]
[SourceVersionDate "2021.10.06"]
[SourceQuality "1"]

1. d4 Nf6 2. c4 e6 3. Nc3 Bb4 4. e3 Ne4 5. Qc2 f5 6. Bd2 Nxd2 7. Qxd2 c5 8. Nf3 cxd4 9. Nxd4 a6 10. Be2 0-0 11. f4 Nc6 12. a3 Bc5 13. Nf3 Qc7 14. b4 Be7 15. h4 Bf6 16. Rc1 Qb8 17. Ng5 h6 18. Nf3 d6 19. Rg1 Re8 20. g4 fxg4 21. Rxg4 e5 22. f5 Bxf5 23. Rg2 Qd8 24. e4 Bh3 25. Rg1 Bxh4+ 26. Kd1 Bg5 27. Nxg5 hxg5 28. Bg4 Bxg4+ 29. Rxg4 Nd4 30. Qg2 Rf8 31. Nd5 Rc8 32. Rxg5 Rf1+ 33. Qxf1 Qxg5 34. Qh3 Rf8 35. Qd3 Qg1+ 36. Kd2 Rf2+ 37. Kc3 Qxc1+ 0-1

[Event "Niedersachsen-ch op-B"]
[Site "Verden"]
[Date "2017.01.05"]
[Round "1"]
[White "Gehrke, Mathias"]
[Black "Jacobsen, Henrik"]
[Result "1/2-1/2"]
[WhiteElo "1786"]
[BlackElo "1980"]
[PlyCount "38"]
[EventDate "2017.01.05"]
[EventType "swiss"]
[EventRounds "7"]
[EventCountry "GER"]
[SourceTitle "CBM 187 Extra"]
[Source "ChessBase"]
[SourceDate "2018.11.04"]
[SourceVersion "1"]
[SourceVersionDate "2018.11.04"]
[SourceQuality "1"]

1. d4 Nf6 2. Nf3 g6 3. c4 Bg7 4. Nc3 0-0 5. e4 d6 6. Be2 e5 7. d5 a5 8. 0-0 Na6 9. Be3 Ng4 10. Bg5 f6 11. Bh4 g5 12. Bg3 f5 13. exf5 Bxf5 14. Nd2 Nf6 15. f3 Nc5 16. Bf2 Qe7 17. Bxc5 dxc5 18. Nde4 Bxe4 19. fxe4 Ra6 1/2-1/2

[Event "Niedersachsen-ch op-B"]
[Site "Verden"]
[Date "2017.01.05"]
[Round "2"]
[White "Kardoeus, David"]
[Black "Gehrke, Mathias"]
[Result "1-0"]
[WhiteElo "2161"]
[BlackElo "1786"]
[PlyCount "48"]
[EventDate "2017.01.05"]
[EventType "swiss"]
[EventRounds "7"]
[EventCountry "GER"]
[SourceTitle "CBM 187 Extra"]
[Source "ChessBase"]
[SourceDate "2018.11.04"]
[SourceVersion "1"]
[SourceVersionDate "2018.11.04"]
[SourceQuality "1"]

1. e4 c5 2. Nf3 d6 3. d4 cxd4 4. Nxd4 Nf6 5. Nc3 g6 6. Be3 Bg7 7. f3 0-0 8. Qd2 a6 9. g4 Nc6 10. h4 Nxd4 11. Bxd4 Be6 12. h5 Nd7 13. Bxg7 Kxg7 14. hxg6 fxg6 15. Qh6+ Kf7 16. Qxh7+ Ke8 17. Qxg6+ Bf7 18. Qg7 Ne5 19. 0-0-0 Rc8 20. f4 Ng6 21. f5 Rg8 22. Qh6 Rh8 23. Qxh8+ Nxh8 24. Rxh8+ Kd7 1-0

[Event "Hannover-chC"]
[Site "Lehrte"]
[Date "2015.10.29"]
[Round "2"]
[White "Ehlert, Horst"]
[Black "Gehrke, Mathias"]
[Result "1-0"]
[WhiteElo "1913"]
[BlackElo "1784"]
[PlyCount "89"]
[EventDate "2015.10.29"]
[EventType "swiss"]
[EventRounds "7"]
[EventCountry "GER"]
[SourceTitle "EXT 2021"]
[Source "ChessBase"]
[SourceDate "2020.10.23"]
[SourceVersion "1"]
[SourceVersionDate "2020.10.23"]
[SourceQuality "1"]

1. c4 Nf6 2. g3 e6 3. Bg2 c6 4. Nf3 d5 5. b3 Qc7 6. Bb2 Nbd7 7. 0-0 e5 8. cxd5 cxd5 9. Nc3 a6 10. Rc1 Qb8 11. d3 Bc5 12. d4 exd4 13. Nxd4 0-0 14. Nxd5 Nxd5 15. Bxd5 Rd8 16. e3 Bf8 17. Qh5 Ne5 18. Be4 g6 19. Qg5 Qd6 20. Nf3 Nxf3+ 21. Bxf3 h6 22. Qa5 Bh3 23. Rfd1 Qe7 24. Qc3 Rxd1+ 25. Rxd1 f6 26. Qxf6 Qxf6 27. Bxf6 Kf7 28. Bd4 Rd8 29. Bxb7 a5 30. Bg2 Be6 31. Rc1 Bd6 32. h4 Rc8 33. Rxc8 Bxc8 34. Bd5+ Ke7 35. Bg7 h5 36. Bc3 Bc7 37. Kg2 Kd6 38. Be4 Bf5 39. Bxf5 gxf5 40. Kf3 Kd5 41. Ke2 Ke4 42. f3+ Kd5 43. Be1 Kc5 44. Kd3 Kb5 45. e4 1-0

[Event "Hannover-chC"]
[Site "Lehrte"]
[Date "2014.10.26"]
[Round "3"]
[White "Gehrke, Mathias"]
[Black "Ehlert, Horst"]
[Result "1/2-1/2"]
[WhiteElo "1783"]
[BlackElo "1945"]
[PlyCount "67"]
[EventDate "2014.10.25"]
[EventType "swiss"]
[EventRounds "7"]
[EventCountry "GER"]
[SourceTitle "EXT 2021"]
[Source "ChessBase"]
[SourceDate "2020.10.23"]
[SourceVersion "1"]
[SourceVersionDate "2020.10.23"]
[SourceQuality "1"]

1. d4 Nf6 2. Nf3 g6 3. c4 Bg7 4. Nc3 0-0 5. e4 d6 6. Be3 Nbd7 7. Bd3 c5 8. d5 Ng4 9. Qd2 Nxe3 10. fxe3 a6 11. a4 b6 12. 0-0 Ne5 13. Nxe5 Bxe5 14. Rf2 Bd7 15. Raf1 Rb8 16. Ne2 Bxa4 17. Nf4 Bd7 18. Ne6 Bxe6 19. dxe6 f6 20. Be2 b5 21. b3 bxc4 22. Bxc4 a5 23. Qd1 Rb4 24. Ra2 Qb6 25. g4 h6 26. h4 g5 27. Qf3 gxh4 28. Qf5 Kg7 29. Qh5 Rxc4 30. g5 hxg5 31. Rg2 Bg3 32. Rxg3 hxg3 33. Rf5 Rc1+ 34. Kg2 1/2-1/2

[Event "Hannover-chC"]
[Site "Lehrte"]
[Date "2014.10.25"]
[Round "1"]
[White "Nuelle, Christoph"]
[Black "Gehrke, Mathias"]
[Result "1-0"]
[WhiteElo "1970"]
[BlackElo "1783"]
[PlyCount "99"]
[EventDate "2014.10.25"]
[EventType "swiss"]
[EventRounds "7"]
[EventCountry "GER"]
[SourceTitle "EXT 2021"]
[Source "ChessBase"]
[SourceDate "2020.10.23"]
[SourceVersion "1"]
[SourceVersionDate "2020.10.23"]
[SourceQuality "1"]

1. e4 c6 2. Nc3 d5 3. Nf3 e6 4. d4 Bd7 5. Bd3 Bb4 6. Bd2 Bxc3 7. Bxc3 Ne7 8. e5 Qb6 9. Qd2 a5 10. Qg5 Ng6 11. h4 Na6 12. 0-0 Nb4 13. Bxb4 Qxb4 14. h5 h6 15. Qg3 Ne7 16. Rab1 Nf5 17. Bxf5 exf5 18. Qxg7 0-0-0 19. Qxf7 Rdf8 20. a3 Rxf7 21. axb4 axb4 22. Ra1 Kc7 23. Rfe1 Rg7 24. e6 Be8 25. Nh4 Bxh5 26. Nxf5 Rg5 27. Ng3 Be8 28. Re3 Rhg8 29. Kh2 Rg4 30. Rf1 Rh4+ 31. Kg1 Rf4 32. Ne2 Re4 33. Rxe4 dxe4 34. Nf4 Bg6 35. g3 Kd6 36. Kg2 Bf5 37. Rh1 e3 38. f3 Bxc2 39. Rxh6 Bd1 40. Rh7 c5 41. Rd7+ Kc6 42. d5+ Kb6 43. e7 Re8 44. d6 e2 45. Kf2 e1Q+ 46. Kxe1 Bxf3 47. Rd8 Bc6 48. Nd5+ Bxd5 49. Rxe8 Kc6 50. Rc8+ 1-0

[Event "Hannover Ihme Cup"]
[Site "Hannover"]
[Date "2014.05.11"]
[Round "5"]
[White "Titzhoff, Frank"]
[Black "Gehrke, Mathias"]
[Result "1-0"]
[WhiteElo "2118"]
[BlackElo "1782"]
[PlyCount "101"]
[EventDate "2014.05.09"]
[EventType "swiss"]
[EventRounds "5"]
[EventCountry "GER"]
[SourceTitle "EXT 2021"]
[Source "ChessBase"]
[SourceDate "2020.10.23"]
[SourceVersion "1"]
[SourceVersionDate "2020.10.23"]
[SourceQuality "1"]

1. e4 c6 2. d4 d5 3. Nc3 dxe4 4. Nxe4 Bf5 5. Ng3 Bg6 6. h4 h6 7. Nf3 e6 8. Ne5 Bh7 9. Bd3 Bxd3 10. Qxd3 Nd7 11. Bf4 Nxe5 12. Bxe5 Qa5+ 13. c3 0-0-0 14. Qe2 Ne7 15. Ne4 Ng6 16. Bg3 Qd5 17. h5 f5 18. hxg6 fxe4 19. Rh5 Qd7 20. Qxe4 Be7 21. 0-0-0 Rhf8 22. Re1 Bd6 23. Bxd6 Qxd6 24. f3 Rf6 25. Re5 Kd7 26. f4 Rdf8 27. g3 b5 28. a4 bxa4 29. Ra5 Qc7 30. Rxa4 a5 31. Rc4 h5 32. Rc5 h4 33. f5 exf5 34. Qxh4 Kc8 35. Rce5 Qd8 36. Re7 Rxg6 37. Qf4 Rg4 38. Qf3 Qd5 39. Qe2 Re4 40. Qa6+ Kd8 41. Qa7 Rxe1+ 42. Rxe1 Rf7 43. Qb8+ Kd7 44. Kb1 Qc4 45. Qa7+ Kd6 46. Qxa5 g6 47. Qd8+ Rd7 48. Qb8+ Rc7 49. Qf8+ Kd7 50. Re7+ Kd6 51. Qd8+ 1-0

[Event "Hannover-chB"]
[Site "Lehrte"]
[Date "2012.10.21"]
[Round "4"]
[White "Gehrke, Mathias"]
[Black "Engelking, Michael"]
[Result "1-0"]
[WhiteElo "1704"]
[BlackElo "1768"]
[PlyCount "105"]
[EventDate "2012.10.20"]
[EventType "swiss"]
[EventRounds "7"]
[EventCountry "GER"]
[SourceTitle "EXT 2021"]
[Source "ChessBase"]
[SourceDate "2020.10.23"]
[SourceVersion "1"]
[SourceVersionDate "2020.10.23"]
[SourceQuality "1"]

1. d4 d5 2. Nf3 Nf6 3. e3 Bf5 4. c4 c6 5. Nc3 e6 6. Bd3 Bg6 7. Ne5 Nbd7 8. Nxg6 hxg6 9. Qc2 Qc7 10. f4 Be7 11. Bd2 Ng4 12. g3 dxc4 13. Bxg6 Rxh2 14. Rxh2 Nxh2 15. Be4 Nf6 16. 0-0-0 Nhg4 17. Rg1 a6 18. Bf3 g6 19. Ne4 Nxe4 20. Bxe4 Nf6 21. Bf3 b5 22. e4 0-0-0 23. Be3 Rh8 24. f5 gxf5 25. exf5 Nd5 26. Bxd5 exd5 27. f6 Bd6 28. Qf5+ Kb7 29. Bf4 Bxf4+ 30. gxf4 Rh2 31. Rg8 Rf2 32. Qe5 Rxf4 33. Re8 Qxe5 34. dxe5 Re4 35. e6 fxe6 36. f7 Rf4 37. f8Q Rxf8 38. Rxf8 Kc7 39. Kd2 a5 40. Ke3 Kd6 41. Rd8+ Ke5 42. Rc8 Kd6 43. a3 e5 44. Ra8 a4 45. Re8 c5 46. Rd8+ Kc6 47. Re8 Kd6 48. Kf3 b4 49. Ra8 c3 50. Ra6+ Kc7 51. bxc3 b3 52. Rh6 d4 53. c4 1-0

[Event "Hannover-chB"]
[Site "Lehrte"]
[Date "2012.10.20"]
[Round "2"]
[White "Gehrke, Mathias"]
[Black "Gramenz, Jens"]
[Result "1-0"]
[WhiteElo "1704"]
[BlackElo "1815"]
[PlyCount "77"]
[EventDate "2012.10.20"]
[EventType "swiss"]
[EventRounds "7"]
[EventCountry "GER"]
[SourceTitle "EXT 2021"]
[Source "ChessBase"]
[SourceDate "2020.10.23"]
[SourceVersion "1"]
[SourceVersionDate "2020.10.23"]
[SourceQuality "1"]

1. d4 g6 2. c4 Bg7 3. g3 c5 4. Nf3 cxd4 5. Nxd4 Nc6 6. e3 Nxd4 7. exd4 d5 8. Bg2 dxc4 9. Qa4+ Qd7 10. Qxc4 Qxd4 11. Qxd4 Bxd4 12. Nc3 Nf6 13. Nb5 Be5 14. 0-0 a6 15. Re1 Bxg3 16. fxg3 axb5 17. Bg5 Ng8 18. Rac1 h6 19. Be3 Be6 20. Bxb7 Rxa2 21. Bd4 Rh7 22. Rc5 Bd7 23. Rc7 e6 24. Bc8 f6 25. Bxd7+ Rxd7 26. Rxe6+ Kd8 27. Rxd7+ Kxd7 28. Rb6 Ra4 29. Bc3 h5 30. Kf2 h4 31. Rxb5 hxg3+ 32. hxg3 Ke6 33. Rb6+ Kf5 34. Kf3 Kg5 35. Rb5+ f5 36. Rb6 Rc4 37. Bd2+ f4 38. Bxf4+ Kh5 39. Rb5+ 1-0